000 00463nam a2200181Ia 4500
001 310
005 20260306140508.0
008 260306t2016||||xx |||||||||||||| ||spa||
041 _aESP
082 _a079.85
_bT35
100 _aTello, María del Pilar,
_eAUT
245 0 _aEl poder y las sombras :
_bhacia el equilibrio político-mediático
260 _c2016
300 _a660 páginas :
_c23 cm.
650 _aGEN
654 _aCHU
942 _cLIB
_dJUS
_fJUS
_2ddc
_n
999 _c310
_d310